000 00287nam a22001337a 4500
008 170620b xxu||||| |||| 00| 0 eng d
020 _a9780130814111
041 _aeng
080 _a32
100 _a20
101 _aSHP
245 _aTHE WESTERN HERITAGE
_cKAGAN, D
942 _2udc
_cBK
999 _c18280
_d18280